[Event "FLORIPA CHESS OPEN 2015"]
[Site "Florianopolis/SC"]
[Date "2015.01.18"]
[Round "10"]
[Board "46"]
[White "Maiberg, Wellington Gubiani"]
[Black "Boff, Andre Ricardo"]
[Result "1/2-1/2"]
[WhiteElo "1880"]
[BlackElo "2000"]
[PlyCount "29"]
[EventDate "2015.01.14"]
[EventRounds "10"]
[EventCountry "BRA"]

1. f4 f5 2. Nf3 Nf6 3. g3 e6 4. Bg2 Bc5 5. e3 O-O 6. O-O d6 7. d3 Qe8 8. h3
Nbd7 9. Kh2 Qg6 10. Nc3 Qh6 11. Nh4 g6 12. e4 Ne8 13. d4 Bb6 14. Na4 c6 15.
Nxb6 1/2-1/2

[Event "FLORIPA CHESS OPEN 2015"]
[Site "Florianopolis/SC"]
[Date "2015.01.18"]
[Round "10"]
[Board "47"]
[White "Pereira, Everaldo Cordeiro"]
[Black "Serafim Junior, Arnor"]
[Result "0-1"]
[WhiteElo "1994"]
[BlackElo "1816"]
[PlyCount "84"]
[EventDate "2015.01.14"]
[EventRounds "10"]
[EventCountry "BRA"]

1. e4 c5 2. Nf3 e6 3. d3 Nc6 4. g3 g6 5. Bg2 Bg7 6. O-O Nf6 7. Nbd2 O-O 8. c3
e5 9. Nb3 d6 10. Re1 Re8 11. d4 b6 12. d5 Ne7 13. h3 Nd7 14. a4 f5 15. exf5
gxf5 16. Ng5 Nf8 17. a5 Rb8 18. axb6 axb6 19. Ra7 h6 20. Nf3 Neg6 21. Nh2 Re7
22. Rxe7 Qxe7 23. Qh5 Kh7 24. g4 Qh4 25. Qxh4 Nxh4 26. gxf5 Nxg2 27. Kxg2 Bxf5
28. Nd2 Nd7 29. Ne4 Rg8 30. Kf3 Bf8 31. Ng4 Bxe4+ 32. Kxe4 h5 33. Ne3 Bh6 34.
Kf5 Rg6 35. Nc4 Rf6+ 36. Ke4 b5 37. Bxh6 Kxh6 38. Ne3 Rf4+ 39. Kd3 Rxf2 40. c4
b4 41. Rg1 Nf6 42. Nd1 Rf3+ 0-1

[Event "FLORIPA CHESS OPEN 2015"]
[Site "Florianopolis/SC"]
[Date "2015.01.18"]
[Round "10"]
[Board "48"]
[White "Reis, Nicolas Rodrigues Dos"]
[Black "Goncalves, Davi Sulzbacher"]
[Result "1/2-1/2"]
[WhiteElo "1870"]
[BlackElo "1983"]
[PlyCount "50"]
[EventDate "2015.01.14"]
[EventRounds "10"]
[EventCountry "BRA"]

1. e4 c5 2. Nf3 Nc6 3. d4 cxd4 4. Nxd4 Nf6 5. Nc3 e5 6. Ndb5 d6 7. Bg5 a6 8.
Na3 Be6 9. Bxf6 gxf6 10. Nd5 Rc8 11. c3 f5 12. exf5 Bxf5 13. Qf3 Qg5 14. g4 Be6
15. h4 Bxd5 16. Qxd5 Qf4 17. Nc2 Nd4 18. Nxd4 exd4 19. Qxb7 Rc5 20. Bxa6 Bg7
21. Bb5+ Kf8 22. Qb8+ Ke7 23. Qb7+ Kf8 24. Qb8+ Ke7 25. Qb7+ Kf8 1/2-1/2

[Event "FLORIPA CHESS OPEN 2015"]
[Site "Florianopolis/SC"]
[Date "2015.01.18"]
[Round "10"]
[Board "49"]
[White "Ribeiro, Regina"]
[Black "Pedruzzi, Pedro Henrique"]
[Result "1-0"]
[WhiteElo "1967"]
[BlackElo "1812"]
[PlyCount "129"]
[EventDate "2015.01.14"]
[EventRounds "10"]
[EventCountry "BRA"]

1. Nf3 Nf6 2. g3 c5 3. Bg2 Nc6 4. d4 d5 5. O-O cxd4 6. Nxd4 e6 7. c4 Be7 8. Nc3
O-O 9. cxd5 exd5 10. h3 a6 11. Be3 Re8 12. Rc1 Bd7 13. Kh2 Nxd4 14. Qxd4 Bc6
15. Rfd1 Qa5 16. Qb6 Qxb6 17. Bxb6 Bb4 18. e3 Bxc3 19. Rxc3 h6 20. Rc2 Rac8 21.
b3 Ne4 22. f3 Nf6 23. h4 Ra8 24. a4 Rac8 25. g4 Nd7 26. Bd4 Nf8 27. Kg3 Ne6 28.
Bb6 g5 29. Rh1 Kg7 30. Bf1 d4 31. hxg5 hxg5 32. Rch2 Bd5 33. Rh7+ Kf6 34. R7h6+
Ke7 35. exd4 Rc3 36. Be2 Rxb3 37. Bc5+ Kd7 38. Bd1 Rb2 39. R1h2 Rb1 40. Bc2
Rg1+ 41. Kf2 Ra1 42. Bb6 Ra2 43. Kg3 Ra3 44. Rf2 Rc8 45. Rf6 Ke7 46. Rxe6+ fxe6
47. Bc5+ Rxc5 48. dxc5 Rc3 49. Bd1 Rc1 50. Bc2 Kd7 51. f4 Rg1+ 52. Kh3 gxf4 53.
Rxf4 Rh1+ 54. Kg3 Kc6 55. Be4 Kxc5 56. Bxh1 Bxh1 57. g5 e5 58. Rh4 Bd5 59. g6
b5 60. axb5 axb5 61. Kf2 b4 62. Ke3 b3 63. Kd2 Kd6 64. g7 Ke7 65. Rh8 1-0

[Event "FLORIPA CHESS OPEN 2015"]
[Site "Florianopolis/SC"]
[Date "2015.01.18"]
[Round "10"]
[Board "50"]
[White "Zimmermann, Kleber Renato P."]
[Black "Da Cruz, Karoliny Taiane"]
[Result "1-0"]
[WhiteElo "1967"]
[BlackElo "1798"]
[PlyCount "85"]
[EventDate "2015.01.14"]
[EventRounds "10"]
[EventCountry "BRA"]

1. d4 Nf6 2. c4 e6 3. Nf3 Bb4+ 4. Bd2 Qe7 5. g3 O-O 6. Bg2 Nc6 7. O-O d6 8. Bg5
a6 9. a3 Ba5 10. b4 Bb6 11. Nc3 h6 12. Bc1 e5 13. dxe5 Nxe5 14. Nxe5 Qxe5 15.
Bb2 Qe6 16. Nd5 Nxd5 17. cxd5 Qg4 18. e3 Qxd1 19. Rfxd1 Bd7 20. Bd4 Bxd4 21.
Rxd4 a5 22. Rc1 axb4 23. axb4 Rfc8 24. Bf3 Bb5 25. Bg4 Rd8 26. Rxc7 Ra1+ 27.
Rd1 Rda8 28. Kg2 R1a7 29. Rdc1 b6 30. Rxa7 Rxa7 31. Rc8+ Kh7 32. Rb8 Ra6 33.
Bc8 Ra4 34. Rxb6 Rxb4 35. Bf5+ g6 36. Bd3 Bxd3 37. Rxb4 Kg7 38. f3 Kf6 39. e4
Ke7 40. Rb7+ Kf6 41. Kf2 Bc4 42. Ke3 Bf1 43. Rd7 1-0